000 00374nam a2200157Ia 4500
008 210210b1909 xxu||||| |||| 00| 0 eng d
041 _aeng
082 _a425/210
100 _aNICHOL (J)
245 _aEnglish composition
260 _aLondon
_bMacmillan & Co. Ltd.
_c1909
650 _aEnglish
650 _acomposition
690 _aEnglish Grammar
906 _a005986
999 _c129045
_d129045